000 00312nam a2200145Ia 4500
100 _aHayt/William H
250 _a4
942 _cBK
654 _acircuit
245 _aEngineering Circuit Analysis
260 _bMc Graw Hill
_aNew York
_c1986
082 _a621.3192
_bHAY
300 _a653
546 _aENGLISH
999 _c24561
_d24561